000 00482nam a2200181Ia 4500
005 20250508152943.0
008 008 250505s9999 xx 000 0 eng d
037 _aTextual
040 _aFEDL
_beng
_cFEDL
041 _aeng
_2eng
084 _a792.954, GAR
_qFEDL
100 _aBalwant Gargi
245 0 _aTheatre in India
260 _aNew York, USA
_bThearte Arts Books
_c1962
300 _a245p.
942 _cTEXL
_h792.954, GAR
999 _c1339797
_d1339797